[Event "FIDE Disabilities Olym"]
[Site "Belgrade"]
[Date "2023.02.02"]
[Round "?"]
[White "Abiad Parra, Victor"]
[Black "Valenta, Vit"]
[Result "1/2-1/2"]
[WhiteElo "1855"]
[BlackElo "2022"]
[PlyCount "107"]
[EventDate "2023.01.30"]
[EventType "team-swiss"]
[EventRounds "6"]
[EventCountry "SRB"]
[SourceTitle "CBM 212 Extra"]
[Source "ChessBase"]
[SourceDate "2023.03.31"]
[SourceVersion "1"]
[SourceVersionDate "2023.03.31"]
[SourceQuality "1"]
[WhiteTeam "Venezuela"]
[BlackTeam "Czech Republic"]
[WhiteTeamCountry "VEN"]
[BlackTeamCountry "CZE"]

1. e4 e5 2. Nf3 Nc6 3. Bb5 a6 4. Bxc6 bxc6 5. d4 exd4 6. Nxd4 g6 7. Nc3 Bg7 8. Be3 Bb7 9. Qd2 d6 10. f3 Qd7 11. Nb3 Ne7 12. Bh6 Bxh6 13. Qxh6 0-0-0 14. 0-0-0 Qe6 15. Qe3 c5 16. Na5 Nf5 17. Qd3 Nd4 18. Nd5 c6 19. Nb6+ Kc7 20. Nbc4 d5 21. exd5 cxd5 22. Nxb7 Kxb7 23. Na5+ Kb6 24. Rhe1 Qf6 25. Nb3 Nc6 26. Qe3 d4 27. Qf2 Rd5 28. Kb1 Rhd8 29. Qe2 Ne5 30. Nc1 c4 31. Qe4 Nc6 32. Qe2 Rc5 33. a3 a5 34. Qe4 Re5 35. Qg4 Rxe1 36. Rxe1 h5 37. Qe4 Rd6 38. Qe2 Re6 39. Qf2 Rxe1 40. Qxe1 Qe5 41. Qg1 Kc7 42. Qf1 Qe6 43. Qe2 Kb6 44. Qxe6 fxe6 45. Ne2 e5 46. Ng3 Kc5 47. Kc1 Kd5 48. Kd2 Ne7 49. Ne4 Nf5 50. g3 Ne3 51. h4 a4 52. Nf6+ Ke6 53. Ne4 Kd5 54. Nf6+ 1/2-1/2

[Event "FIDE Disabilities Olym"]
[Site "Belgrade"]
[Date "2023.02.01"]
[Round "?"]
[White "Abiad Parra, Victor"]
[Black "Campos, Eugenio"]
[Result "1/2-1/2"]
[WhiteElo "1855"]
[BlackElo "2227"]
[PlyCount "113"]
[EventDate "2023.01.30"]
[EventType "team-swiss"]
[EventRounds "6"]
[EventCountry "SRB"]
[SourceTitle "CBM 212 Extra"]
[Source "ChessBase"]
[SourceDate "2023.03.31"]
[SourceVersion "1"]
[SourceVersionDate "2023.03.31"]
[SourceQuality "1"]
[WhiteTeam "Venezuela"]
[BlackTeam "IPCA"]
[WhiteTeamCountry "VEN"]

1. e4 c5 2. Nf3 d6 3. d4 cxd4 4. Nxd4 Nf6 5. Nc3 a6 6. Be3 Ng4 7. Bc1 Nc6 8. Nb3 b5 9. Be2 Nf6 10. Be3 Bb7 11. a4 b4 12. Nd5 Nd7 13. a5 e6 14. Nb6 Nxb6 15. Bxb6 Qg5 16. 0-0 Qe5 17. f4 Qxe4 18. Bf3 Qc4 19. f5 Be7 20. fxe6 fxe6 21. Nd4 Nxd4 22. Bxb7 Rb8 23. b3 Qb5 24. Qxd4 Rxb7 25. Qxg7 Qe5 26. Qg4 Rf8 27. Qxb4 Rxf1+ 28. Rxf1 d5 29. Qa4+ Rd7 30. Qc6 Qe2 31. c3 h5 32. b4 Bd8 33. Bc5 Be7 34. Qc8+ Rd8 35. Qc6+ Rd7 36. Bxe7 Kxe7 37. Qc5+ Rd6 38. Qc7+ Rd7 39. Qf4 Rd8 40. Qg5+ Kd7 41. Qg3 Re8 42. Rf7+ Re7 43. Rxe7+ Kxe7 44. Qc7+ Kf6 45. Qf4+ Ke7 46. Qc7+ Kf6 47. Qf4+ Ke7 48. Qh4+ Kd7 49. Qf2 Qe4 50. Qa7+ Ke8 51. Qb8+ Ke7 52. Qc7+ Kf6 53. Qd8+ Kf7 54. Qd7+ Kf6 55. Qd8+ Kf7 56. Qd7+ Kf6 57. Qd8+ 1/2-1/2

[Event "FIDE Disabilities Olym"]
[Site "Belgrade"]
[Date "2023.01.31"]
[Round "?"]
[White "Sauti, Harry"]
[Black "Abiad Parra, Victor"]
[Result "0-1"]
[WhiteElo "1693"]
[BlackElo "1855"]
[PlyCount "64"]
[EventDate "2023.01.30"]
[EventType "team-swiss"]
[EventRounds "6"]
[EventCountry "SRB"]
[SourceTitle "CBM 212 Extra"]
[Source "ChessBase"]
[SourceDate "2023.03.31"]
[SourceVersion "1"]
[SourceVersionDate "2023.03.31"]
[SourceQuality "1"]
[WhiteTeam "Zambia"]
[BlackTeam "Venezuela"]
[WhiteTeamCountry "ZAM"]
[BlackTeamCountry "VEN"]

1. e4 e5 2. Nf3 Nc6 3. d4 exd4 4. Bc4 Bc5 5. c3 Nf6 6. e5 d5 7. exd6 Qxd6 8. 0-0 0-0 9. h3 Bf5 10. Bg5 Ne4 11. Bh4 h6 12. Nbd2 d3 13. Nxe4 Bxe4 14. Kh1 Bb6 15. a3 Qf4 16. Bg3 Qf5 17. Ba2 Rad8 18. Kh2 Bxf3 19. gxf3 Ne5 20. Kg2 Bc5 21. Re1 Bd6 22. Re3 Ng6 23. Re4 h5 24. h4 Nf4+ 25. Bxf4 Bxf4 26. Qa4 Bh6 27. Rae1 Rd6 28. Rh1 Rg6+ 29. Kf1 Qxf3 30. Rh2 b5 31. Qd4 Qd1+ 32. Re1 Qxe1+ 0-1

[Event "Caracas Gus Cup 2nd"]
[Site "Caracas"]
[Date "2022.08.25"]
[Round "3"]
[White "Suarez, Richard"]
[Black "Abiad Parra, Victor"]
[Result "1-0"]
[WhiteElo "2037"]
[BlackElo "1891"]
[PlyCount "49"]
[EventDate "2022.08.24"]
[EventType "tourn"]
[EventRounds "7"]
[EventCountry "VEN"]
[SourceTitle "EXT 2024"]
[Source "ChessBase"]
[SourceDate "2023.10.10"]
[SourceVersion "1"]
[SourceVersionDate "2023.10.10"]
[SourceQuality "1"]

1. d4 Nf6 2. Bf4 e6 3. Nf3 d5 4. e3 Bd6 5. Bg3 0-0 6. Nbd2 c5 7. c3 Qc7 8. Bxd6 Qxd6 9. Ne5 Nc6 10. f4 Ne7 11. Bd3 Qb6 12. Rb1 Bd7 13. Qe2 cxd4 14. exd4 a6 15. Nxd7 Nxd7 16. 0-0 f5 17. Rbe1 Rf6 18. Nf3 Nc8 19. Ne5 Nf8 20. g4 fxg4 21. Nxg4 Rf7 22. Qg2 Kh8 23. f5 exf5 24. Qxd5 Qc7 25. Bc4 1-0

[Event "IBCA Pan American-ch 9th"]
[Site "Pereira"]
[Date "2021.12.01"]
[Round "5"]
[White "Pena Romero, Edwin Oswaldo"]
[Black "Abiad Parra, Victor"]
[Result "0-1"]
[WhiteElo "1744"]
[BlackElo "1860"]
[PlyCount "58"]
[EventDate "2021.11.29"]
[EventType "swiss"]
[EventRounds "7"]
[EventCountry "COL"]
[SourceTitle "EXT 2023"]
[Source "ChessBase"]
[SourceDate "2022.10.05"]
[SourceVersion "1"]
[SourceVersionDate "2022.10.05"]
[SourceQuality "1"]

1. Nf3 Nf6 2. b3 c5 3. c4 d5 4. cxd5 Nxd5 5. Bb2 Nc6 6. g3 Bg4 7. Bg2 f6 8. d4 Bxf3 9. Bxf3 cxd4 10. 0-0 e5 11. e3 Bc5 12. Qc1 Qd6 13. Na3 Bxa3 14. Bxa3 Qd7 15. Qc4 Nb6 16. Bxc6 bxc6 17. Qc5 dxe3 18. fxe3 0-0-0 19. Rad1 Qxd1 20. Qxc6+ Kb8 21. Rxd1 Rxd1+ 22. Kg2 Rhd8 23. Kf3 R1d2 24. Bc5 f5 25. g4 fxg4+ 26. Kxg4 h5+ 27. Kxh5 Rxh2+ 28. Kg6 Rh6+ 29. Kxg7 Rxc6 0-1

[Event "Online Olym Disabilities"]
[Site "Tornelo INT"]
[Date "2020.11.26"]
[Round "6.12"]
[White "Moyses Sobrinho, Elias"]
[Black "Abiad Parra, Victor"]
[Result "1/2-1/2"]
[WhiteElo "1884"]
[BlackElo "1860"]
[PlyCount "169"]
[EventDate "2020.11.21"]
[EventType "team-swiss (rapid)"]
[EventRounds "7"]
[EventCountry "NET"]
[SourceTitle "CBM 199 Extra"]
[Source "ChessBase"]
[SourceDate "2021.01.31"]
[SourceVersion "1"]
[SourceVersionDate "2021.01.31"]
[SourceQuality "1"]
[WhiteTeam "Brazil"]
[BlackTeam "Venezuela"]
[WhiteTeamCountry "BRA"]
[BlackTeamCountry "VEN"]

1. e4 e5 2. Nf3 Nc6 3. d4 exd4 4. Nxd4 Nf6 5. Nxc6 bxc6 6. Bd3 d5 7. exd5 cxd5 8. Bb5+ Bd7 9. Qe2+ Be7 10. 0-0 0-0 11. Bxd7 Qxd7 12. Nc3 Rfe8 13. Qd3 c6 14. h3 h6 15. Bf4 Qb7 16. b3 Nd7 17. Na4 Rad8 18. Rad1 Bf6 19. Rfe1 Qb4 20. Rxe8+ Rxe8 21. Bd2 Qh4 22. Bc3 Ne5 23. Bxe5 Rxe5 24. Nc5 Re8 25. Nd7 Bg5 26. Qa6 Qb4 27. Qxa7 Bf4 28. g3 Bd6 29. Qb6 Qxb6 30. Nxb6 Re2 31. Na4 Rxc2 32. Kf1 Rxa2 33. Rc1 Be5 34. Rxc6 Bd4 35. f4 Bf2 36. g4 d4 37. Rd6 Be3 38. f5 Kf8 39. Nc5 Ke7 40. Rd5 Rh2 41. b4 Rb2 42. Nd3 Rd2 43. Ne5 Rb2 44. Nc6+ Kf6 45. h4 g5 46. Rd6+ Kg7 47. h5 Rf2+ 48. Ke1 Rf4 49. Ne5 Bg1 50. Kd2 Bh2 51. Rd5 Re4 52. Nf3 Bf4+ 53. Kd1 Be3 54. b5 Rxg4 55. b6 d3 56. b7 Rb4 57. Rxd3 Bf4 58. Rd7 g4 59. Nh4 g3 60. Ng2 Bb8 61. Ke2 Rb3 62. Ne3 Kf6 63. Ng4+ Kxf5 64. Nxh6+ Kg5 65. Nxf7+ Kxh5 66. Nd8 Rc3 67. Ne6 Rb3 68. Nc5 Rb2+ 69. Kf3 g2 70. Rg7 Rb5 71. Na6 Rxb7 72. Rxg2 Rf7+ 73. Ke4 Bd6 74. Rd2 Be7 75. Nb8 Kg6 76. Nc6 Bf6 77. Rg2+ Kh5 78. Nd4 Bg5 79. Nf5 Kg6 80. Nh4+ Kh5 81. Nf3 Rf4+ 82. Ke3 Rg4+ 83. Kf2 Rxg2+ 84. Kxg2 Kg4 85. Nxg5 1/2-1/2

[Event "FIDE Disabled Cup"]
[Site "Ankara"]
[Date "2019.12.13"]
[Round "5.2"]
[White "Abiad Parra, Victor"]
[Black "Lukina, Tatiana"]
[Result "1-0"]
[WhiteElo "1847"]
[BlackElo "1635"]
[PlyCount "81"]
[EventDate "2019.12.09"]
[EventType "team-tourn"]
[EventRounds "5"]
[EventCountry "TUR"]
[SourceTitle "CBM 193 Extra"]
[Source "ChessBase"]
[SourceDate "2020.01.31"]
[SourceVersion "1"]
[SourceVersionDate "2020.01.31"]
[SourceQuality "1"]
[WhiteTeam "Americas"]
[BlackTeam "Russia/Turkey"]
[BlackTeamCountry "RUS"]

1. e4 e5 2. Nf3 Nc6 3. Bb5 a6 4. Bxc6 dxc6 5. 0-0 Bd6 6. d4 exd4 7. Qxd4 Bf8 8. Qe5+ Qe7 9. Bf4 Qxe5 10. Bxe5 Bg4 11. Bxc7 Rc8 12. Ne5 Be6 13. Ba5 Nf6 14. Re1 Be7 15. Nd2 0-0 16. Rad1 Ng4 17. Nd3 c5 18. h3 Nf6 19. Nf4 Bd7 20. e5 Ne8 21. Nd5 Bg5 22. Nf3 Bd8 23. Bxd8 Rxd8 24. Nb6 Nc7 25. Rxd7 Rxd7 26. Nxd7 Re8 27. Nxc5 b6 28. Ne4 h6 29. Nd6 Rf8 30. Rd1 Ne6 31. Nc4 b5 32. Ne3 Rc8 33. Rd6 Ra8 34. Nd4 Nc5 35. Nc6 Ne6 36. Nd5 Kh7 37. f4 g6 38. g4 Rg8 39. Nf6+ Kg7 40. Nxg8 Kxg8 41. f5 1-0

[Event "FIDE Disabled Cup"]
[Site "Ankara"]
[Date "2019.12.12"]
[Round "4.1"]
[White "Masoud, Mohamed Helmy"]
[Black "Abiad Parra, Victor"]
[Result "0-1"]
[WhiteElo "1876"]
[BlackElo "1847"]
[PlyCount "70"]
[EventDate "2019.12.09"]
[EventType "team-tourn"]
[EventRounds "5"]
[EventCountry "TUR"]
[SourceTitle "CBM 193 Extra"]
[Source "ChessBase"]
[SourceDate "2020.01.31"]
[SourceVersion "1"]
[SourceVersionDate "2020.01.31"]
[SourceQuality "1"]
[WhiteTeam "Africa"]
[BlackTeam "Americas"]

1. d4 Nf6 2. Nf3 g6 3. g3 Bg7 4. Bg2 0-0 5. c4 d5 6. Nc3 Nc6 7. cxd5 Nxd5 8. e4 Nb6 9. Be3 Nc4 10. 0-0 Bg4 11. e5 Nxe3 12. fxe3 Bh6 13. Qe1 Nb4 14. Qe2 c5 15. a3 cxd4 16. exd4 Bxf3 17. Bxf3 Qxd4+ 18. Kh1 Nc6 19. e6 f5 20. Rad1 Qb6 21. Nd5 Qa5 22. Rd3 Rad8 23. b4 Qb5 24. Rfd1 Kh8 25. Nxe7 Rxd3 26. Nxc6 Rxd1+ 27. Qxd1 bxc6 28. Kg2 Qe5 29. Qd7 Bg5 30. h4 Bd8 31. Bxc6 f4 32. gxf4 Qxf4 33. e7 Qf2+ 34. Kh1 Qxh4+ 35. Kg1 Bb6+ 0-1

[Event "FIDE Disabled Cup"]
[Site "Ankara"]
[Date "2019.12.11"]
[Round "3.1"]
[White "Abiad Parra, Victor"]
[Black "Kozhakhmetov, Sultan"]
[Result "1-0"]
[WhiteElo "1847"]
[BlackElo "1617"]
[PlyCount "67"]
[EventDate "2019.12.09"]
[EventType "team-tourn"]
[EventRounds "5"]
[EventCountry "TUR"]
[SourceTitle "CBM 193 Extra"]
[Source "ChessBase"]
[SourceDate "2020.01.31"]
[SourceVersion "1"]
[SourceVersionDate "2020.01.31"]
[SourceQuality "1"]
[WhiteTeam "Americas"]
[BlackTeam "Asia"]

1. e4 c5 2. Nf3 Nc6 3. d4 cxd4 4. Nxd4 Nf6 5. Nc3 e5 6. Ndb5 d6 7. Bg5 a6 8. Na3 b5 9. Nd5 Be7 10. Bxf6 Bxf6 11. c4 b4 12. Nc2 0-0 13. h4 Rb8 14. b3 Be6 15. g3 Qd7 16. Bg2 Bd8 17. 0-0 Bxd5 18. Qxd5 Bb6 19. Rad1 Rfd8 20. Qd3 Bd4 21. Kh2 a5 22. Ne3 Ne7 23. h5 g6 24. Bh3 Qa7 25. Rh1 h6 26. hxg6 fxg6 27. Be6+ Kg7 28. Kg2 Rf8 29. Qd2 h5 30. Nf5+ Nxf5 31. exf5 Kf6 32. Qh6 Qg7 33. Rxh5 Rh8 34. Qg5# 1-0

[Event "FIDE Disabled Cup"]
[Site "Ankara"]
[Date "2019.12.10"]
[Round "2.2"]
[White "Moldovanovic, Dragan"]
[Black "Abiad Parra, Victor"]
[Result "1-0"]
[WhiteElo "1982"]
[BlackElo "1847"]
[PlyCount "44"]
[EventDate "2019.12.09"]
[EventType "team-tourn"]
[EventRounds "5"]
[EventCountry "TUR"]
[SourceTitle "CBM 193 Extra"]
[Source "ChessBase"]
[SourceDate "2020.01.31"]
[SourceVersion "1"]
[SourceVersionDate "2020.01.31"]
[SourceQuality "1"]
[WhiteTeam "Europe"]
[BlackTeam "Americas"]

1. d4 Nf6 2. c4 g6 3. Nc3 d5 4. Nf3 Bg7 5. Bf4 0-0 6. h3 c5 7. e3 Qa5 8. Bd3 dxc4 9. Bxc4 cxd4 10. exd4 Nc6 11. 0-0 Rd8 12. Qb3 Qf5 13. Bxf7+ Kf8 14. Bc7 Nxd4 15. Nxd4 Rxd4 16. Ne2 Rd3 17. Qc4 e6 18. Nf4 Rd2 19. Nxe6+ Bxe6 20. Bxe6 Qd3 21. Qb4+ Ke8 22. Bc4 Bf8 1-0

[Event "IBCA World Cup 8th"]
[Site "Sofia"]
[Date "2018.07.24"]
[Round "4.2"]
[White "Dimic, Pavle"]
[Black "Abiad Parra, Victor"]
[Result "1-0"]
[WhiteElo "2358"]
[BlackElo "1945"]
[PlyCount "79"]
[EventDate "2018.07.21"]
[EventType "team-tourn"]
[EventRounds "7"]
[EventCountry "BUL"]
[SourceTitle "CBM 185 Extra"]
[Source "ChessBase"]
[SourceDate "2018.07.29"]
[SourceVersion "1"]
[SourceVersionDate "2018.07.29"]
[SourceQuality "1"]
[WhiteTeam "Serbia (blind)"]
[BlackTeam "Venezuela (blind)"]
[WhiteTeamCountry "SRB"]
[BlackTeamCountry "VEN"]

1. d4 Nf6 2. Nf3 g6 3. c4 Bg7 4. g3 0-0 5. Bg2 d5 6. cxd5 Nxd5 7. 0-0 Nb6 8. Nc3 Nc6 9. e3 Re8 10. a3 e5 11. d5 Na5 12. Qc2 c6 13. b4 Nac4 14. dxc6 bxc6 15. Ne4 f5 16. Rd1 Qe7 17. Nfd2 Nxd2 18. Nxd2 e4 19. Bb2 Ba6 20. Bxg7 Qxg7 21. Bf1 Bxf1 22. Kxf1 Rad8 23. Nb3 Qh6 24. Kg2 Qh5 25. Nd4 Rd6 26. Nxc6 Rf6 27. Qc3 Ref8 28. Rac1 g5 29. Ne7+ Kh8 30. Rd8 Qf7 31. Rxf8+ Qxf8 32. Nxf5 h5 33. Qe5 Nd7 34. Qd4 Qf7 35. Rc6 Kh7 36. Rxf6 Nxf6 37. Qe5 Kg6 38. Nd6 Qd7 39. Nxe4 Nh7 40. Qd6+ 1-0

[Event "IBCA World Cup 8th"]
[Site "Sofia"]
[Date "2018.07.23"]
[Round "3.4"]
[White "Abiad Parra, Victor"]
[Black "Babarykin, Stanislav"]
[Result "0-1"]
[WhiteElo "1945"]
[BlackElo "2379"]
[PlyCount "84"]
[EventDate "2018.07.21"]
[EventType "team-tourn"]
[EventRounds "7"]
[EventCountry "BUL"]
[SourceTitle "CBM 185 Extra"]
[Source "ChessBase"]
[SourceDate "2018.07.29"]
[SourceVersion "1"]
[SourceVersionDate "2018.07.29"]
[SourceQuality "1"]
[WhiteTeam "Venezuela (blind)"]
[BlackTeam "Russia (blind)"]
[WhiteTeamCountry "VEN"]
[BlackTeamCountry "RUS"]

1. e4 e5 2. Nf3 Nc6 3. Bb5 a6 4. Ba4 Nf6 5. d4 exd4 6. e5 Ne4 7. 0-0 Be7 8. Re1 Nc5 9. Bxc6 dxc6 10. Nxd4 Ne6 11. Nf5 Qxd1 12. Rxd1 Bb4 13. Be3 h5 14. a3 Bf8 15. Nc3 Bd7 16. Rd2 0-0-0 17. Rad1 g6 18. Nd4 Nxd4 19. Rxd4 Bg7 20. f4 Bf5 21. Rxd8+ Rxd8 22. Rxd8+ Kxd8 23. Ne2 Bxc2 24. Nd4 Be4 25. Bf2 Kd7 26. Nb3 b6 27. Bh4 Bf8 28. Kf2 Bd5 29. Nd2 Bc5+ 30. Kg3 Be3 31. Nf3 Bc1 32. Bf6 Ke8 33. e6 Bxe6 34. Bd4 c5 35. Be5 Kd7 36. Kf2 Bd5 37. Ng5 c6 38. Nh7 b5 39. h3 h4 40. Nf6+ Ke7 41. Ng4 Ke6 42. Bc3 Bxf4 0-1

[Event "IBCA-ol blind 15th"]
[Site "Ohrid"]
[Date "2017.06.22"]
[Round "4.4"]
[White "Slusnys, Evaldas"]
[Black "Abiad Parra, Victor"]
[Result "1/2-1/2"]
[WhiteElo "1889"]
[BlackElo "1902"]
[PlyCount "121"]
[EventDate "2017.06.19"]
[EventType "team-swiss"]
[EventRounds "9"]
[EventCountry "MKD"]
[SourceTitle "CBM 179 Extra"]
[Source "ChessBase"]
[SourceDate "2017.08.23"]
[SourceVersion "1"]
[SourceVersionDate "2017.08.23"]
[SourceQuality "1"]
[WhiteTeam "Lithuania"]
[BlackTeam "Venezuela"]
[WhiteTeamCountry "LTU"]
[BlackTeamCountry "VEN"]

1. e4 c5 2. Nf3 d6 3. d4 cxd4 4. Qxd4 a6 5. Be3 Nc6 6. Qd2 Nf6 7. Nc3 g6 8. 0-0-0 Bg7 9. Bh6 0-0 10. Bxg7 Kxg7 11. e5 dxe5 12. Qxd8 Rxd8 13. Rxd8 Nxd8 14. Nxe5 Be6 15. Be2 Rc8 16. Rd1 Nc6 17. Nxc6 Rxc6 18. Bf3 Rc7 19. Nd5 Nxd5 20. Bxd5 Bxd5 21. Rxd5 e6 22. Rd6 Kf6 23. Kd2 Ke5 24. Rd8 f5 25. Kd3 Kf4 26. c4 e5 27. b4 g5 28. c5 h5 29. Rd5 Re7 30. a4 h4 31. b5 axb5 32. axb5 h3 33. gxh3 Kf3 34. c6 bxc6 35. bxc6 Kxf2 36. Kc4 f4 37. Rd7 Re8 38. c7 Rc8 39. Kd5 Kg2 40. Rg7 f3 41. Rxg5+ Kxh2 42. Rxe5 Rxc7 43. Rf5 Kg2 44. Ke4 Re7+ 45. Kf4 f2 46. Kg5 Rg7+ 47. Kf6 Rg3 48. Rxf2+ Kxf2 49. h4 Rh3 50. Kg5 Ra3 51. h5 Kg3 52. h6 Ra5+ 53. Kg6 Ra6+ 54. Kg7 Ra7+ 55. Kg6 Kg4 56. h7 Ra8 57. Kg7 Kg5 58. h8Q Ra7+ 59. Kf8 Ra8+ 60. Kg7 Rxh8 61. Kxh8 1/2-1/2

[Event "Coro Barajas Memorial U2200 1st"]
[Site "Coro"]
[Date "2016.10.16"]
[Round "6.5"]
[White "Abiad Parra, Victor"]
[Black "Perez Rivero, Juan Jose"]
[Result "1-0"]
[WhiteElo "1895"]
[BlackElo "1812"]
[PlyCount "103"]
[EventDate "2016.10.13"]
[EventType "swiss"]
[EventRounds "6"]
[EventCountry "VEN"]
[SourceTitle "EXT 2022"]
[Source "ChessBase"]
[SourceDate "2021.10.06"]
[SourceVersion "1"]
[SourceVersionDate "2021.10.06"]
[SourceQuality "1"]

1. e4 c5 2. Nf3 d6 3. d4 cxd4 4. Nxd4 Nf6 5. Nc3 a6 6. Be3 e6 7. f3 Be7 8. g4 0-0 9. Qd2 Bd7 10. 0-0-0 Nc6 11. h4 Nxd4 12. Bxd4 Bc6 13. g5 Nd7 14. Bh3 Ne5 15. Qg2 Ng6 16. Bf2 Nf4 17. Qg4 Nxh3 18. Rxh3 Bd7 19. f4 b5 20. Ne2 Rc8 21. Kb1 Rc4 22. e5 d5 23. b3 Rc8 24. Qg1 Qc7 25. Rc3 Qb7 26. Bd4 Bb4 27. Rxc8 Rxc8 28. h5 Qc6 29. c3 Bc5 30. Bxc5 Qxc5 31. Qxc5 Rxc5 32. Rd4 Be8 33. Kb2 Kf8 34. Nc1 a5 35. Nd3 Rc7 36. Nf2 f6 37. exf6 gxf6 38. h6 fxg5 39. fxg5 Kf7 40. Rf4+ Kg6 41. Rf6+ Kxg5 42. Rxe6 Bg6 43. Re5+ Kxh6 44. Rxd5 b4 45. c4 a4 46. c5 a3+ 47. Kc1 Rf7 48. Ng4+ Kg7 49. c6 Be4 50. Rd7 Bf5 51. Rxf7+ Kxf7 52. Nh6+ 1-0

[Event "Coro Barajas Memorial U2200 1st"]
[Site "Coro"]
[Date "2016.10.14"]
[Round "3.2"]
[White "Abiad Parra, Victor"]
[Black "Abiad Parra, Carlos Jose"]
[Result "0-1"]
[WhiteElo "1895"]
[BlackElo "2116"]
[PlyCount "56"]
[EventDate "2016.10.13"]
[EventType "swiss"]
[EventRounds "6"]
[EventCountry "VEN"]
[SourceTitle "EXT 2022"]
[Source "ChessBase"]
[SourceDate "2021.10.06"]
[SourceVersion "1"]
[SourceVersionDate "2021.10.06"]
[SourceQuality "1"]

1. e4 c5 2. Nf3 Nc6 3. d4 cxd4 4. Nxd4 g6 5. Nc3 Bg7 6. Be3 Nf6 7. Bc4 0-0 8. Bb3 d6 9. f3 Bd7 10. Qd2 Nxd4 11. Bxd4 b5 12. h4 a5 13. h5 a4 14. Bxf6 exf6 15. Bd5 Rc8 16. hxg6 hxg6 17. g4 a3 18. Qh2 Re8 19. Qh7+ Kf8 20. Rh6 axb2 21. Rxg6 bxa1Q+ 22. Ke2 Be6 23. Rxg7 Bxd5 24. Qg8+ Ke7 25. Nxd5+ Kd7 26. Qxf7+ Qe7 27. Nxe7 Rxc2+ 28. Kd3 Qc3# 0-1

[Event "Punto Fijo IRT U2200"]
[Site "Punto Fijo"]
[Date "2013.11.14"]
[Round "2.1"]
[White "Abiad Parra, Victor"]
[Black "Palomo, Franklin Annervys"]
[Result "0-1"]
[WhiteElo "1892"]
[BlackElo "2182"]
[PlyCount "44"]
[EventDate "2013.11.14"]
[EventType "swiss"]
[EventRounds "7"]
[EventCountry "VEN"]
[SourceTitle "EXT 2022"]
[Source "ChessBase"]
[SourceDate "2021.10.06"]
[SourceVersion "1"]
[SourceVersionDate "2021.10.06"]
[SourceQuality "1"]

1. e4 c5 2. Nf3 e6 3. d4 cxd4 4. Nxd4 a6 5. Bd3 Qc7 6. 0-0 Nf6 7. Qe2 d6 8. Nd2 Be7 9. c4 Nbd7 10. b3 0-0 11. Bb2 Re8 12. f4 Nf8 13. Kh1 Ng6 14. Rae1 e5 15. fxe5 dxe5 16. Nf5 Nf4 17. Rxf4 exf4 18. Nxe7+ Qxe7 19. Qf3 g5 20. e5 Bg4 21. Qf2 Rad8 22. Bb1 Qb4 0-1